Investigation of multi-frequency power transmission and system /

Bibliographic Details
Main Author: Barazarte Conte, Ronald
Other Authors: Ehsani, Mehrdad (Thesis advisor)
Format: Thesis eBook
Language:English
Published: [College Station, Tex.] : [Texas A&M University], [2012]
Subjects:
Online Access:Link to OAK Trust copy

MARC

Tag First Indicator Second Indicator Subfields
LEADER 00000cam a2200000Ka 4500
001 in00002780111
005 20150922143000.0
006 m fo d
007 cr unu||||||||
008 121114s2012 txu obm 000 0 eng d
035 |a (OCoLC)ocn817949051 
035 |a (OCoLC)817949051 
035 |a (TxCM)http://hdl.handle.net/1969.1/ETD-TAMU-2011-08-9726 
040 |a TXA  |c TXA  |d UtOrBLW 
049 |a TXAM 
099 |a 2011  |a Dissertation  |a 1969.1/ETD-TAMU-2011-08-9726 
100 1 |a Barazarte Conte, Ronald. 
245 1 0 |a Investigation of multi-frequency power transmission and system /  |c by Ronald Barazarte Conte. 
264 1 |a [College Station, Tex.] :  |b [Texas A&M University],  |c [2012] 
300 |a 1 online resource. 
336 |a text  |b txt  |2 rdacontent 
337 |a computer  |b c  |2 rdamedia 
338 |a online resource  |b cr  |2 rdacarrier 
500 |a "Major Subject: Electrical Engineering" 
588 |a Description from author supplied metadata (automated record created 2012-10-22 13:24:58). 
502 |b Doctor of Philosophy  |c Texas A&M University  |d 2011  |o http://hdl.handle.net/1969.1/ETD-TAMU-2011-08-9726 
504 |a Includes bibliographical references. 
516 |a Text (Dissertation) 
520 3 |a This dissertation presents a new power system transmission concept based on frequency selectivity named Multi-Frequency Power System (MFPS). This system allows for selective power transmission among terminals in an interconnected system, and is enabled by power electronic technology. The dissertation starts with a presentation of some of the challenges faced by modern power systems, and includes a description of various power system technologies developed in an attempt to solve them. Then, our proposed solution is presented as an alternative to electric power transmission, and the fundamental concepts are explained. A version of the MFPS is developed, which has relevance to the problem of renewable sources integration. This AC + DC Power System is further explored, and the topology of the system and the converters is presented, as well as the control techniques used in its operation. The dissertation also presents a performance study of the AC + DC system, which was done in Simulink, and it demonstrates the robustness of the system under various dynamic and fault conditions. Finally, a summary of the work is given in the last section of the dissertation. The contributions of our research to the state of technology are discussed. These contributions include: the demonstration of power selectivity based on frequency identification, the development of a novel transmission system and a AC + DC integrated implementation of it, and the development of a control and converter that enables selective power transmission. Also, some of the most relevant future research initiatives related to this topic are presented. 
500 |a Electronic resource. 
650 4 |a Major Electrical Engineering. 
653 |a Power Electronics 
653 |a Distribution Systems 
653 |a Electric Power 
653 |a Energy 
653 |a Energy Transmission 
653 |a Power Systems 
700 1 |a Ehsani, Mehrdad,  |e thesis advisor. 
856 4 0 |u http://hdl.handle.net/1969.1/ETD-TAMU-2011-08-9726  |z Link to OAK Trust copy  |t 0 
994 |a C0  |b TXA 
948 |a cataloged  |b h  |c 2012/11/14  |d o  |e blrosas  |f 12:22:11 pm 
999 |a MARS 
999 f f |s e5839d31-f401-3756-980e-2fc5c78511cf  |i 8facb04f-f7f1-3535-a4b4-6b5ec5abbd5c  |t 0 
952 f f |a Texas A&M University  |b College Station  |c Electronic Resources  |d Available Online  |t 0  |e 2011 Dissertation 1969.1/ETD-TAMU-2011-08-9726  |h Other scheme 
998 f f |a 2011 Dissertation 1969.1/ETD-TAMU-2011-08-9726  |t 0  |l Available Online